| 000 | 00784nam a2200253 4500 | ||
|---|---|---|---|
| 003 | OSt | ||
| 005 | 20260530113844.0 | ||
| 008 | 260505b2000 caua|||| |||| 00| 0 eng d | ||
| 020 | _a1887528555 | ||
| 040 |
_aICI _bspa _cICI |
||
| 041 | _aeng | ||
| 050 |
_aNK1390 _bS67 2000 |
||
| 100 | 1 |
_aScott, Alexis, _eautor _930585 |
|
| 245 | 1 | 0 |
_aWorkbook 22 : _billustration / _cAlexis Scott. |
| 264 | 1 |
_aLos Angeles, California : _b2000 _cScott & Daughters Publishing |
|
| 300 |
_a1095 páginas _bilustraciones |
||
| 336 |
_atexto _2rdacontent |
||
| 337 |
_asin medio _2rdamedia |
||
| 338 |
_avolumen _2rdacarrier |
||
| 650 |
_aArte comercial _zEstados Unidos _930586 |
||
| 650 |
_aArtistas comerciales _zEstados Unidos _930587 |
||
| 700 |
_aScott, Alexis _eeditor _930585 |
||
| 942 |
_2lcc _cBK _n1 |
||
| 999 |
_c11241 _d11241 |
||